North Carolina Quiz - Statistics

General Stats
  • This quiz has been taken 65 times
    59 since last reset
  • The average score is 12 of 20
Answer Stats
Hint Answer % Correct
capitol Raleigh
96%
largest city Charlotte
88%
football team Panthers
83%
famous brothers Wright
81%
college Duke
79%
college UNC
79%
famous pirate Blackbeard
71%
college NC State
71%
above was first in what flight
67%
basketball team Hornets
65%
hockey team Hurricanes
65%
college Wake forest
65%
poisonous snake Copperhead
60%
1st president Andrew Jackson
56%
above is named after who Walter Raleigh
50%
2nd president James Polk
46%
3rd president Andrew Johnson
44%
college ECU
21%
best place to live Apex
10%
First Governer Richard Caswell
2%
No matching quizzes found
Score Distribution
Percent of People with Each Score
Percentile by Number Answered
Your Score History
You have not taken this quiz since the last reset